| 000 | 00413nam a2200169 a 4500 | ||
|---|---|---|---|
| 001 | 2206 | ||
| 005 | 20140414131927.0 | ||
| 008 | 030404s19uu xx 00 eng d | ||
| 020 | _a1-85627-386-5 | ||
| 050 |
_aER _bC67 1993 |
||
| 100 | _aPillinger, Ian | ||
| 245 |
_aColours / _cIan Pillinger. |
||
| 260 |
_aLondon : _bHawk Books, _c1993. |
||
| 300 | _ap. : ill. ; cm. | ||
| 650 | _aColours. | ||
| 999 |
_c112064 _d112064 |
||